Schweizer Super League Teams 2024/25 - Statistiken

Allgemein
  • Dieses Quiz wurde 125 mal gespielt
  • Das Durchschnittsergebnis liegt bei 10 aus 12
Antwortstatistiken
Teams % Korrekt
BSC Young Boys
100%
FC Basel
99%
FC Zürich
95%
FC St. Gallen
90%
FC Luzern
89%
Grasshopper Club Zürich
89%
Servette FC
86%
FC Lugano
85%
FC Lausanne-Sport
84%
FC Winterthur
82%
FC Sion
75%
Yverdon Sport FC
73%
Keine übereinstimmenden Quizze gefunden
Verteilung der Resultate
Anzahl Personen mit jedem Resultat
Perzentil nach korrekt beantworteten Fragen
Ihre Resultats-Entwicklung
Sie haben dieses Quiz noch nicht gespielt